000 00537nam a2200181Ia 4500
008 090123s9999 xx 000 0 und d
082 _b40495
100 _aमिरासदार द.मा.
245 _aमाकडमेवा
250 _a0
260 _bरसिक आन्तरभारती
_c2006
300 _a160
600 _aमिरासदार द.मा.
630 _aमाकडमेवा
700 _aमिरासदार द.मा.
730 _aमाकडमेवा
942 _cBOOK
999 _c78569
_d78569